• 首页
  • 本馆介绍
  • 公告通知
  • 最新文献
  • 馆藏检索
  • 电子资源
  • 读者导购
  • 参考咨询
  • 我的图书馆
  • 登录
  • 详细信息显示
  • 放入我的书架
  • 预约/预借图书
  • 作者相关作品
  • 分类相关作品
  • 丛书相关作品
  • 出版社相关作品

书目信息

  • 表格格式
  • 工作单格式
  • 卡片格式
题名:
融资担保法律实务
    
 
作者: 金振朝 著
分册:  
出版信息: 北京   法律出版社  2014.1
页数: 370页
开本: 23cm
丛书名: 资本市场法商丛书
单 册:
中图分类: D923.34
科图分类:
主题词: 融资--Rong Zi--担保法--研究--中国 , 担保法--Dan Bao Fa , 研究--Yan Jiu , 中国--Zhong Guo
电子资源:
ISBN: 978-7-5118-5659-3
000 01197nam0 22003251 450
001 0101082457
005 20161201102525.28
010    @a978-7-5118-5659-3@dCNY52.00
100    @a20140409e20152014em y0chiy50 ea
101 0  @achi
102    @aCN@b110000
105    @ay z 001yy
106    @ar
200 1  @a融资担保法律实务@ARong Zi Dan Bao Fa Lv Shi Wu@dFinancing & guarantee in law practice@f金振朝著@zeng
205    @a2版
210    @a北京@c法律出版社@d2014.1@h2015.1
215    @a370页@d23cm
225 2  @a资本市场法商丛书@AZi Ben Shi Chang Fa Shang Cong Shu
314    @a封面题:金振朝著
330    @a本书作者借助效力于担保机构的实践和经验,对融资担保做了系统分析;以发展的视角,针对实务中出现的重、难点问题进行专题式深入探讨,并结合具体案例提出对我国融资担保法律实物的整体构想和微观操作性建议。
461  0 @12001 @a资本市场法商丛书
510 1  @aFinancing & guarantee in law practice@zeng
606 0  @a融资@ARong Zi@x担保法@x研究@y中国
606 0  @a担保法@ADan Bao Fa
606 0  @a研究@AYan Jiu
606 0  @a中国@AZhong Guo
690    @aD923.34@v5
701  0 @a金振朝@AJin Zhen Chao@4著
801  0 @aCN@bTANGWEI@c20161128
905    @b0951762-6@dD923.34@e1504=2@f5
    
    融资担保法律实务=Financing & guarantee in law practice/金振朝著.-2版.-北京:法律出版社,2014.1(2015.1)
    370页;23cm.-(资本市场法商丛书)
    
    
    ISBN 978-7-5118-5659-3:CNY52.00
    本书作者借助效力于担保机构的实践和经验,对融资担保做了系统分析;以发展的视角,针对实务中出现的重、难点问题进行专题式深入探讨,并结合具体案例提出对我国融资担保法律实物的整体构想和微观操作性建议。
●
相关链接 在E读中查询图书 在五车中查询图书 在当当中查询图书 在豆瓣中查询图书


正题名:融资担保法律实务     索取号:D923.34/1504=2         预约/预借

序号 登录号 条形码 馆藏地/架位号 状态 备注
1 0951762   209517628   第一样本阅览室/ [索取号:D923.34/1504=2] 在馆    
2 0951763   209517637   第一借阅区/ [索取号:D923.34/1504=2] 在馆    
3 0951764   209517646   史法系资料室/ [索取号:D923.34/1504=2] 在馆    
4 0951765   209517655   第一借阅区/ [索取号:D923.34/1504=2] 在馆    
5 0951766   209517664   第一借阅区/ [索取号:D923.34/1504=2] 在馆    
唐山师范学院图书馆 欢迎您!
大连网信软件有限公司© 版权所有